000 00225nam a2200109Ia 4500
100 _a#N/A
942 _cBK
654 _ainternet
245 _aMindware ; 250+freeware Internet Multimedia
260 _b#N/A
546 _aENGLISH
999 _c32484
_d32484